000 00327nam a2200145 i 4500
001 bg
100 1 _aENKE, Peter
245 0 _aStatik und Festigkeit in Beispielen /
_cP. Enke.
260 _aBerlin,
_c1966.
040 _cBPK
041 _apol
080 _a624.1
942 _cKS
008 s pl f |000 0 pol
999 _c11578
_d11578
856 _uhttp://koha.tu.koszalin.pl/cgi-bin/koha/opac-detail.pl?biblionumber=11578
_yKatalog online BPK